000 01106nam a2200265Ia 4500
003 OSt
005 20221005110749.0
006 a|||||r|||| 00| 0
007 ta
008 221004b |||||||| |||| 00| 0 hin d
020 _a978=8126727995 (hbk)
_c550
024 _a24354
037 _b7329, 07/01/2016, Rajkamal Prakashan Pvt. Ltd.
_cTextual
040 _aCRL
_cCRL
_bhin
041 _2hin
_ahin
082 _aO152:g, Q5
100 _aशुक्ल, हनुमानप्रसाद, संपा.
245 0 _aतुलनात्मक साहित्य
_b सैद्धांतिक परिप्रेक्ष्य
246 _aTulanātmak sāhitya: saiddhāantik pariprekṣhya
260 _aनई दिल्ली
_bराजकमल प्रकाशन भारत
_c2015
300 _a259पृ0
_ccm.
650 _aहिन्दी साहित्य
942 _hO152:g, Q5
_cTEXL
_2cc
999 _c1019813
_d1019813